Statistics for Top 10 Best-Selling Products Of All Time in the US

Click here to take the quiz!

General Stats

  • This quiz has been taken 28 times
  • The average score is 2 of 10

Answer Stats

Number of Units Sold or Money MadeProduct% Correct
516 million unitsiPhone
92%
211 Million unitsiPad
54%
344 Million unitsPlayStation
35%
40.7 Million UnitsCorola
4%
450 Million unitsHarry Potter Franchise
4%
$141 BillionLiptor
4%
262 Million unitsMario Bros. Franchise
4%
70 Million unitsMichael Jackson’s Thriller
4%
350 million unitsRubik’s Cube
4%
$4.6 BillionStar Wars Franchise
4%

Score Distribution

Percentile by Number Answered

Percent of People with Each Score

Your Score History

You have not taken this quiz